[Event "1st China Chess King Competition 2024"]
[Site "Chengdu"]
[Date "2024.01.06"]
[Round "1.2"]
[White "Zhao, Yuanhe"]
[Black "Xu, Xiangyu"]
[Result "0-1"]
[WhiteElo "2449"]
[BlackElo "2623"]
[Annotator "TA"]
[PlyCount "111"]
[EventDate "2024.01.07"]
[EventType "k.o."]
[EventCountry "CHN"]
[SourceTitle "playchess.com"]
[Source "ChessBase"]
[SourceQuality "1"]

{[%evp 10,111,14,13,41,39,41,31,45,30,29,13,0,0,22,20,24,35,31,12,38,-11,33,14,6,0,7,-78,0,0,-2,-15,-16,0,0,0,23,23,19,19,19,0,0,0,0,0,0,0,24,2,2,2,0,3,0,8,17,19,16,16,20,20,20,17,19,19,33,30,31,45,45,35,33,25,27,27,27,48,48,48,48,20,48,20,21,21,22,8,8,0,0,0,0,0,0,0,0,0,0,0,0,0,0,0]} 1. c4 {[%emt 0:00:02]} Nf6 {[%emt 0:00:09]} 2. Nc3 {[%emt 0:00:05]} e5 {[%emt 0:00:03]} 3. Nf3 {[%emt 0:00:11]} Nc6 {[%emt 0:00:03]} 4. g3 {[%emt 0:00:06]} Nd4 {[%emt 0:00:05]} 5. Bg2 {[%emt 0:00:17]} Nxf3+ {[%emt 0:00:05]} 6. Bxf3 {[%emt 0:00:03]} c6 {[%emt 0:00:12] A29: English Opening: Four Knights Variation with 4 g3.} 7. d4 {[%emt 0:00:10]} d6 {[%emt 0:00:09]} 8. O-O {[%emt 0:01:47]} Bh3 {[%emt 0:00:19] White is slightly better.} 9. Re1 {[%emt 0:00:04]} Be7 {[%emt 0:00:08]} 10. b4 {[%emt 0:00:10] [#]} O-O $146 {[%emt 0:00:58]} ({Predecessor:} 10... Qb6 11. dxe5 dxe5 12. b5 O-O 13. bxc6 bxc6 14. Be3 Qa5 15. Qc2 Be6 16. Ne4 Nxe4 17. Bxe4 {½-½ Gonzalez Rodriguez,J (2369)-Mellado Trivino,J (2442) Amposta Balague Memorial 2nd 2015 (7)}) 11. b5 {[%emt 0:00:18]} cxb5 {[%emt 0:00:48]} (11... Rc8 $5 {[%cal Rc6b5]}) 12. cxb5 {[%emt 0:00:19]} Rc8 {[%emt 0:01:12]} 13. Bb2 {[%emt 0:00:15]} Qa5 {[%emt 0:00:54]} 14. Rc1 {[%emt 0:03:50]} Qb4 {[%emt 0:03:01]} (14... e4 $5 15. Nxe4 Nxe4 16. Bxe4 d5 $11) 15. Ba1 {[%emt 0:00:56]} (15. Qb3 $14 Qxb3 16. axb3) 15... Rc7 {[%emt 0:02:50]} (15... Qxd4 $2 16. Nd5 $18 (16. Bxb7 Rc7 $11) (16. Bxb7 Rc7 $11)) 16. dxe5 {[%emt 0:03:04]} (16. Rb1 $5 {[%cal Rb1b4]} Qxd4 17. Qxd4 exd4 18. b6 axb6 19. Nb5 $11) 16... dxe5 {[%emt 0:00:03]} 17. Rb1 {[%emt 0:00:02]} Qa5 {[%emt 0:00:26] [#]} 18. b6 {[%emt 0:01:01]} axb6 {[%emt 0:01:29] Black is more active.} (18... Rxc3 $17 19. Bxc3 Qxc3 20. bxa7 Qa5 21. Rxb7 Bc5) 19. Rb5 $11 {[%emt 0:00:02]} Qa6 {[%emt 0:00:09][%cal Oc7c3] ...Rxc3! would be deadly.} 20. Rxe5 {[%emt 0:00:30]} Bb4 {[%emt 0:00:09]} 21. Re3 {[%emt 0:04:26]} Rfc8 {[%emt 0:00:16] And now ...Qa5 would win.} 22. Qb3 {[%emt 0:00:24]} Qc4 {[%emt 0:00:54]} 23. Qxc4 {[%emt 0:00:04]} Rxc4 {[%emt 0:00:02] [#]} 24. Rd1 $1 {[%emt 0:00:03][%cal Of3b7]} h6 {[%emt 0:00:39][%cal Rb4c3]} ({Much less strong is} 24... Bxc3 25. Rxc3 (25. Bxb7 Bxa1 26. Bxc8 Rxc8 $15) 25... Rxc3 26. Bxc3 $16) (24... Rxc3 $2 25. Bxc3 (25. Rxc3 Bxc3 26. Bxb7 Re8 $16) 25... Bc5 26. Bxb7 $18) 25. Nd5 {[%emt 0:00:43]} (25. Nb5 $5) 25... Nxd5 {[%emt 0:00:22]} 26. Bxd5 {[%emt 0:00:02]} Rc1 {[%emt 0:00:12][%cal Rc1d1]} 27. Red3 {[%emt 0:00:02]} Bf5 {[%emt 0:00:45]} 28. Rd4 {[%emt 0:00:01]} Be7 {[%emt 0:00:06] White must now prevent ...Bf6.} 29. Bb2 {[%emt 0:00:30]} Rxd1+ {[%emt 0:00:04]} 30. Rxd1 {[%emt 0:00:02]} Rc2 {[%emt 0:00:03][%csl LRb2,LRe2]} 31. Bd4 {[%emt 0:00:01]} Rxe2 {[%emt 0:00:12]} 32. Bxb6 {[%emt 0:00:03]} (32. Kf1 $5 Rc2 $8 33. Bxb6 $11) 32... Be6 {[%emt 0:00:55]} 33. a4 {[%emt 0:00:09][%cal Ba2a4,Ba4a5][%mdl 32]} Bxd5 {[%emt 0:01:26]} 34. Rxd5 {[%emt 0:00:02][%mdl 4096] Endgame KRB-KRB} Rb2 {[%emt 0:00:16]} 35. a5 {[%emt 0:00:04]} Bb4 {[%emt 0:00:05]} 36. Kg2 {[%emt 0:00:29]} f6 {[%emt 0:00:02]} 37. h4 {[%emt 0:00:07][%cal Bh2h4,Bh4h5][%mdl 32]} Kf7 {[%emt 0:00:04]} 38. Rd7+ {[%emt 0:00:17]} Kg6 {[%emt 0:00:38]} 39. h5+ {[%emt 0:00:02]} ({Worse is} 39. Rxb7 Bxa5 $17) 39... Kh7 {[%emt 0:00:12]} 40. Rd5 {[%emt 0:00:16]} (40. Rxb7 $2 {perishes.} Bxa5 $19) 40... Kg8 {[%emt 0:00:08]} 41. g4 {[%emt 0:00:04]} Kf7 {[%emt 0:00:36]} 42. Rd7+ {[%emt 0:00:02]} Kg8 $1 {[%emt 0:00:02]} 43. Kf3 {[%emt 0:00:10]} Be1 {[%emt 0:00:10]} 44. Rd8+ {[%emt 0:00:30]} Kh7 {[%emt 0:00:10]} 45. Rd1 {[%emt 0:00:30]} Bc3 {[%emt 0:00:13]} 46. Rd3 {[%emt 0:00:19]} Be1 {[%emt 0:00:04] The position is equal.} 47. Rd5 {[%emt 0:00:11]} Kg8 {[%emt 0:00:06]} 48. Rd7 {[%emt 0:00:12]} Rb5 {[%emt 0:00:08]} 49. Rd8+ {[%emt 0:00:11]} Kh7 {[%emt 0:00:08]} 50. Ra8 {[%emt 0:00:02]} f5 {[%emt 0:00:09]} 51. Ra7 {[%emt 0:00:02]} fxg4+ {[%emt 0:00:05]} 52. Kxg4 {[%emt 0:00:14]} Rg5+ {[%emt 0:00:02]} 53. Kh4 {[%emt 0:00:11]} Kg8 {[%emt 0:00:10]} 54. Ra8+ {[%emt 0:00:20]} Kh7 {[%emt 0:00:04]} 55. Ra7 {[%emt 0:00:02]} Kg8 56. Rxb7 {[%emt 0:00:25][%mdl 32768] Weighted Error Value: White=0.09 (flawless) /Black=0.08 (flawless) . Loss on time!?} 0-1

[Event "1st China Chess King Competition 2024"]
[Site "Chengdu"]
[Date "2024.01.06"]
[Round "1.3"]
[White "Bu, Xiangzhi"]
[Black "Bai, Jinshi"]
[Result "1/2-1/2"]
[WhiteElo "2671"]
[BlackElo "2586"]
[Annotator "TA"]
[PlyCount "97"]
[EventDate "2024.01.07"]
[EventType "k.o."]
[EventCountry "CHN"]
[SourceTitle "playchess.com"]
[Source "ChessBase"]
[SourceQuality "1"]

{[%evp 10,97,14,5,4,0,3,0,0,-6,-2,-16,-1,-17,-5,-11,-9,-24,-12,-20,-11,-12,-16,-65,-73,-55,-40,-40,-43,-53,-33,-81,-85,-117,-112,-181,-120,-170,-40,-79,-74,-93,-25,-120,-122,-115,-119,-120,-120,-173,-166,-190,-172,-169,-161,-162,-153,-153,-140,-137,-131,-151,-145,-178,-172,-172,-147,-164,-127,-144,-61,-61,-67,-67,-75,-75,-75,-30,0,0,0,0,0,0,0,0,0,0,0,0]} 1. d4 d5 2. Nf3 Nf6 3. Bf4 Bf5 {[%emt 0:00:02]} 4. e3 {[%emt 0:00:01]} e6 5. Bd3 Bxd3 {[%emt 0:00:03]} 6. Qxd3 c5 {D02: 1 d4 d5 2 Nf3 sidelines, including 2...Nf6 3 g3 and 2...Nf6 3 Bf4.} 7. O-O {[%emt 0:00:03]} Nc6 {[%emt 0:00:02]} 8. dxc5 {[%emt 0:00:07]} Bxc5 {[%emt 0:00:03]} 9. Nbd2 {[%emt 0:00:02]} O-O {[%emt 0:00:04]} 10. c3 {[%emt 0:00:04] [#]} h6 $146 {[%emt 0:00:11]} ({Predecessor:} 10... Rc8 11. Bg5 h6 12. Bh4 Re8 13. Nb3 Be7 14. Bxf6 Bxf6 15. e4 dxe4 16. Qxe4 Qb6 {1-0 Sanon,M (2037)-Rosario Almanzar,R (1768) La Vega op 3rd 2019 (3)}) 11. Rad1 {[%emt 0:00:06]} Qe7 {[%emt 0:00:14]} 12. Bg3 {[%emt 0:00:32]} Rfd8 {[%emt 0:00:42]} 13. Bh4 {[%emt 0:00:12]} e5 {[%emt 0:00:05] Strongly threatening ...e4.} 14. Qf5 {[%emt 0:00:10]} Qe6 {[%emt 0:00:07]} 15. Qxe6 {[%emt 0:00:12]} fxe6 16. b4 {[%emt 0:00:05]} (16. Rfe1 $11) 16... Bd6 $15 {[%emt 0:00:11]} 17. e4 {[%emt 0:00:24]} g5 {[%emt 0:00:49]} 18. Bg3 {[%emt 0:00:49]} dxe4 (18... Nxe4 19. Nxe4 dxe4 20. Nd2 $14) 19. Nc4 {[%emt 0:00:38][%mdl 64] Discovered Attack, Double Attack} Bxb4 {[%emt 0:00:08]} (19... Bc7 $5 {[%cal Re4f3]} 20. Nfxe5 Nxe5 21. Nxe5 (21. Bxe5 Bxe5 22. Nxe5 Rd5 $15) 21... Rd5 $15) 20. cxb4 (20. Nxg5 $1 $15 {is more appropriate.} hxg5 21. cxb4) 20... exf3 $17 21. b5 {[%emt 0:00:01]} Nd4 {[%emt 0:00:07]} 22. Bxe5 {[%emt 0:00:01]} (22. Nxe5 $17 {was called for.} Ne4 23. gxf3) 22... Ne2+ $19 {[%emt 0:00:05]} (22... Nxb5 23. Bxf6 Rxd1 24. Rxd1 $18) 23. Kh1 fxg2+ {[%emt 0:00:01]} (23... Rxd1 $19 24. Rxd1 Ng4) 24. Kxg2 $17 Nd5 {[%emt 0:00:03]} 25. Rfe1 {[%emt 0:00:11]} Ndf4+ {[%emt 0:00:06] Excellent horsemanship.} (25... Nef4+ $17 26. Kf1 b6) 26. Kf1 {[%emt 0:00:05]} (26. Kf3 $11 {remains equal.}) 26... Rxd1 $1 {[%emt 0:00:11]} 27. Rxd1 Rc8 $1 {[%emt 0:00:01]} 28. Ne3 {[%emt 0:00:02] [#]} Rc5 $1 {[%emt 0:00:05][%csl LRb5,LRe5]} 29. Ng4 {[%emt 0:00:02] [#]} (29. Rd7 $17) 29... h5 $1 $19 {[%emt 0:00:05]} (29... Rxb5 30. f3 $11) 30. Nf6+ {[%emt 0:00:03]} Kf7 {[%emt 0:00:01]} 31. Bxf4 {[%emt 0:00:02]} ({Wrong is} 31. Rd7+ $2 Kg6 32. Bxf4 Nxf4 $19) 31... Nxf4 {[%emt 0:00:02][%mdl 4096] Endgame KRN-KRN} 32. Ne4 Re5 {[%emt 0:00:10]} (32... Rxb5 $2 33. Nd6+ Kf6 34. Nxb5 $18) 33. f3 {[%emt 0:00:02]} Ke7 {[%emt 0:00:03] Wards off Rd7+} (33... Rxb5 $2 34. Nd6+ Ke7 35. Nxb5 $18) 34. a4 {[%emt 0:00:03]} Nd5 {[%emt 0:00:06]} 35. Kf2 {[%emt 0:00:03] Inhibits Ne3.} g4 {[%emt 0:00:02]} 36. Rd4 {[%emt 0:00:01]} Rf5 {[%emt 0:00:02]} 37. Nd2 Kd6 {[%emt 0:00:05]} 38. Rc4 {[%emt 0:00:02]} Nb6 {[%emt 0:00:04]} 39. Rd4+ {[%emt 0:00:02]} Rd5 {[%emt 0:00:06]} (39... Ke7 $17 40. Ke2 gxf3+ 41. Nxf3 e5) 40. Rxd5+ $15 {[%emt 0:00:02]} exd5 {[%emt 0:00:02]} 41. fxg4 {[%emt 0:00:03]} hxg4 {KN-KN} ({Much weaker is} 41... Nxa4 42. gxh5 Ke5 43. Nf3+ (43. h6 Kf6 $11) 43... Kf6 44. Ke3 $11) 42. Kg3 Nxa4 {[%emt 0:00:01] aiming for ...Nc3.} 43. Kxg4 Nb2 {[%emt 0:00:08]} 44. h4 {[%emt 0:00:02] The position is equal.} Nc4 45. Nb3 {[%emt 0:00:03]} a5 {[%emt 0:00:03] Hoping for ...a4.} 46. bxa6 bxa6 47. h5 {[%emt 0:00:02]} Ke6 {[%emt 0:00:01]} 48. Nc5+ {[%emt 0:00:01]} Kf6 {[%emt 0:00:01]} 49. Nxa6 {[%emt 0:00:01] Whites escaped into a draw.   Weighted Error Value: White=0.16 (very precise) /Black=0.13 (very precise)} 1/2-1/2

[Event "1st China Chess King Competition 2024"]
[Site "Chengdu"]
[Date "2024.01.06"]
[Round "1.3"]
[White "Huang, Renjie"]
[Black "Lu, Shanglei"]
[Result "1/2-1/2"]
[WhiteElo "2513"]
[BlackElo "2611"]
[Annotator "TA"]
[PlyCount "96"]
[EventDate "2024.01.07"]
[EventType "k.o."]
[EventCountry "CHN"]
[SourceTitle "playchess.com"]
[Source "ChessBase"]
[SourceQuality "1"]

{[%evp 22,96,7,10,10,27,10,12,12,10,6,8,12,8,7,12,46,32,41,52,32,24,27,20,25,18,28,27,26,29,18,24,22,20,9,17,17,17,17,8,8,10,10,8,14,20,22,0,0,0,0,0,0,0,0,0,0,8,8,8,8,8,866,436,433,426,426,0,0,0,0,0,0,0,0,0,0]} 1. e4 {[%emt 0:00:02]} c5 {[%emt 0:00:02]} 2. Nf3 {[%emt 0:00:01]} e6 {[%emt 0:00:04]} 3. d4 {[%emt 0:00:02]} cxd4 {[%emt 0:00:02]} 4. Nxd4 {[%emt 0:00:02]} Nf6 {[%emt 0:00:02]} 5. Nc3 {[%emt 0:00:02]} Nc6 {[%emt 0:00:02]} 6. Nxc6 {[%emt 0:00:03]} bxc6 {[%emt 0:00:03]} 7. e5 {[%emt 0:00:01]} Nd5 {[%emt 0:00:08]} 8. Ne4 {[%emt 0:00:02]} Qc7 {[%emt 0:00:06]} 9. f4 {[%emt 0:00:04]} Qb6 {[%emt 0:00:17]} 10. c4 Bb4+ {[%emt 0:00:08]} 11. Ke2 {[%emt 0:00:16]} f5 {[%emt 0:00:04]} 12. exf6 {[%emt 0:00:04]} Nxf6 {[%emt 0:00:03] B45: Sicilian Four Knights.} 13. Be3 {[%emt 0:00:04] Chess con chili.} Qd8 {[%emt 0:00:09]} 14. Nd6+ {[%emt 0:00:04]} Bxd6 {[%emt 0:00:14]} 15. Qxd6 {[%emt 0:00:02]} Bb7 $1 {[%emt 0:00:02][%cal Oc6c5] Black is weak on the dark squares} 16. Rd1 {[%emt 0:00:12]} Rc8 $1 {[%emt 0:00:05][%cal Oc6c5]} 17. g4 {[%emt 0:00:09] is the new trend.} c5 {[%emt 0:00:40]} 18. Rg1 {[%emt 0:00:03]} h6 {[%emt 0:00:21]} (18... Rc6 $5 {[%cal Rc6d6]} 19. Qe5 O-O $11) 19. Bg2 {[%emt 0:01:16]} (19. Bxc5 $2 Ne4 20. Qd4 Rxc5 $19) 19... Bxg2 {[%emt 0:00:03]} 20. Rxg2 {[%emt 0:00:02]} Qb6 {[%emt 0:00:06]} 21. Qxb6 {[%emt 0:00:22]} (21. Bc1 {with more complications.} Qb7 22. Kf1 Qf3+ 23. Kg1) 21... axb6 {[%emt 0:00:01]} 22. Rd6 {[%emt 0:00:05]} Rb8 {[%emt 0:00:01]} 23. Kf3 {[%emt 0:00:16] [#]} Ke7 $146 {[%emt 0:00:08] [#]} ({Predecessor:} 23... b5 24. b3 bxc4 25. bxc4 Ra8 26. Bxc5 Rc8 27. Bd4 Rxc4 28. Rd2 Rf8 29. Be5 Ne4 30. Rxd7 Nxd2+ 31. Rxd2 {½-½ Movahed,S (2417)-Lu,S (2598) Abu Dhabi op 29th 2023 (2)}) 24. Rxb6 {[%emt 0:04:27][%mdl 64] Remove Defender, Decoy} Rxb6 {[%emt 0:00:01]} 25. Bxc5+ {[%emt 0:00:02]} Rd6 $1 {[%emt 0:00:02][%cal Oh8c8]} 26. Rd2 {[%emt 0:00:01][%mdl 1088] Pin. White has compensation.} Ne8 {[%emt 0:00:02][%cal Og7g5]} 27. Ke4 {[%emt 0:00:28][%cal Oe4e5]} (27. b4 {is interesting.} Rf8 28. b5 g5 29. f5) 27... Nf6+ {[%emt 0:00:04]} 28. Ke3 {[%emt 0:00:09]} (28. Kf3 $5 Ne8 $8 29. b4 $11) 28... Ne8 {[%emt 0:00:02]} 29. a4 {[%emt 0:01:31][%cal Oa4a5]} g5 $1 {[%emt 0:00:20]} 30. a5 {[%emt 0:00:47]} gxf4+ $1 {[%emt 0:03:18]} 31. Kxf4 {[%emt 0:03:18][%cal Oa5a6] Threatens to win with a6!} Rg8 $1 {[%emt 0:00:05][%cal Oe6e5]} 32. h4 {[%emt 0:00:35] And now a6 would win.} h5 $1 {[%emt 0:04:22]} 33. g5 {[%emt 0:03:24]} (33. Bxd6+ $2 Nxd6 34. Rg2 Nxc4 $19) (33. Ke5 Rxg4 34. b3 (34. Bxd6+ $2 Nxd6 35. Rxd6 Rxc4 $19) 34... Rg1 $17) 33... Rf8+ {[%emt 0:00:43]} 34. Ke4 {[%emt 0:00:02][%cal Og5g6]} (34. Ke3 $5 Rf5 35. Bb4 $14 {[%mdl 64] Pin}) 34... Rf5 $1 {[%emt 0:02:27]} 35. Bb4 {[%emt 0:00:02][%mdl 64] [#] Pin} Rf1 $1 {[%emt 0:00:15][%cal Of1a1]} 36. Rd3 {[%emt 0:01:10][%cal Oa5a6][%mdl 64] a6! would be deadly. Pin} Rh1 $1 {[%emt 0:02:59]} 37. Rxd6 $1 {[%emt 0:00:34]} ({Don't play} 37. Ke5 Re1+ 38. Kf4 e5+ 39. Kf3 Rh1 $15) 37... Nxd6+ {[%emt 0:02:37]} 38. Ke5 Rxh4 {[%emt 0:00:15][%csl Gd6][%cal Rh4e4]} 39. Bxd6+ $11 {[%emt 0:00:02][%mdl 4096] Endgame KR-KB} Kf7 {[%emt 0:00:12]} 40. a6 {[%emt 0:00:29]} Rxc4 {[%emt 0:00:20] White must now prevent ...Ra4.} 41. b4 {[%emt 0:00:18]} Rc2 $2 {[%emt 0:00:47][%mdl 8192]} (41... Rc6 $11 42. g6+ Kg7) 42. Ke4 {[%emt 0:00:53]} Ra2 {[%emt 0:00:30]} 43. b5 {[%emt 0:00:02] aiming for b6.} h4 {[%emt 0:00:04]} 44. b6 $2 {[%emt 0:00:35]} ({Better is} 44. Kf3 $18) 44... Rxa6 {[%emt 0:00:03] The position is equal.} 45. b7 Rb6 $1 {[%emt 0:00:08][%cal Ob6b7] Hoping for ...Rxb7!} (45... Ra4+ 46. Kf3 Ra5 47. b8=Q (47. b8=B $2 {is the wrong capture.} Rxg5 48. Bf4 Rg1 $19) 47... Rxg5 48. Qf8+ Kg6 49. Qe8+ Kh7 50. Qxd7+ Rg7 51. Qxe6) 46. b8=Q {[%emt 0:00:02]} (46. b8=B $2 Rb3 47. Ba7 h3 $17) 46... Rxb8 47. Bxb8 {[%emt 0:00:01]} Kg6 {[%emt 0:00:02]} 48. Kf4 {[%emt 0:00:04] Intending Kg4 and mate.} Kh5 {[%emt 0:00:03] A fantastic game!   Weighted Error Value: White=0.37/Black=0.03 (flawless)} 1/2-1/2

[Event "1st China Chess King Competition 2024"]
[Site "Chengdu"]
[Date "2024.01.06"]
[Round "1.3"]
[White "Xue, Haowen"]
[Black "Li, Di"]
[Result "0-1"]
[WhiteElo "2452"]
[BlackElo "2563"]
[Annotator "TA"]
[PlyCount "98"]
[EventDate "2024.01.07"]
[EventType "k.o."]
[EventCountry "CHN"]
[SourceTitle "playchess.com"]
[Source "ChessBase"]
[SourceQuality "1"]

{[%evp 9,98,10,32,29,82,70,103,104,127,127,118,114,126,111,108,129,112,25,29,28,27,25,28,0,22,0,14,10,21,0,0,0,65,31,115,116,103,102,149,149,197,207,225,231,598,584,562,-260,-250,-351,-3,-93,-32,-25,-31,-25,-27,-156,0,0,0,-83,-102,-93,-103,-96,16,16,16,8,288,-137,418,10,599,78,267,0,0,-534,-71,-258,-223,-520,-289,-276,-276,-294,-295,-1498,-1373]} 1. Nf3 Nf6 2. g3 {[%emt 0:00:01]} d5 3. Bg2 c6 4. O-O {[%emt 0:00:02]} Bg4 5. c4 {[%emt 0:00:06]} Bxf3 {[%emt 0:00:07]} 6. Bxf3 {[%emt 0:00:02] A11: English Opening: 1...c6.} dxc4 $5 {[%mdl 4] Exploring less charted territory.} (6... e6 $11) 7. Na3 $1 $16 {[%emt 0:00:16]} Qd4 {[%emt 0:00:52]} 8. Qc2 {[%emt 0:00:12] [#] White is better.} e5 $146 {[%emt 0:00:54]} ({Predecessor:} 8... Na6 9. Nxc4 e6 10. d3 Nd5 11. a3 Be7 12. e4 Nf6 13. Be3 Qd8 14. b4 O-O {1-0 Brett,A (2085)-Connell,B (2230) ECF Charity Marathon UKR blitz 2022}) 9. Nxc4 {[%emt 0:00:04]} e4 {[%emt 0:00:03]} 10. Bg2 {[%emt 0:00:10]} Be7 {[%emt 0:00:31]} 11. Qb3 {[%emt 0:01:00]} O-O {[%emt 0:00:21]} 12. Qxb7 {[%emt 0:00:28]} Qxc4 {[%emt 0:00:05]} 13. Qxe7 {[%emt 0:00:11]} (13. Qxa8 $2 Qa6 14. d3 Nbd7 $19) (13. d3 $1 $16 {[%cal Rd3c4]} Qb5 14. Qxe7 (14. Qxa8 $2 Bc5 $19)) 13... Qxe2 $11 {[%emt 0:00:07]} 14. d4 {[%emt 0:00:30]} Nbd7 {[%emt 0:00:16]} 15. b3 {[%emt 0:00:06]} Rfe8 {[%emt 0:00:03]} 16. Qb4 {[%emt 0:00:07]} Nd5 {[%emt 0:00:10]} 17. Qd2 {[%emt 0:00:07]} Qa6 {[%emt 0:00:02]} 18. Re1 {[%emt 0:00:02]} N7f6 19. Bb2 {[%emt 0:00:04]} (19. Qe2 $5 {[%cal Re2a6]} Qb6 20. Qc4 $11) 19... Re6 {[%emt 0:00:02][%cal Oe4e3]} 20. Bh3 {[%emt 0:00:02]} e3 {[%emt 0:00:03]} 21. fxe3 $14 {[%emt 0:00:02]} Ne4 ({Black should play} 21... Re7 $14) 22. Qe2 $16 {[%emt 0:00:04]} Qxe2 23. Rxe2 Re7 {[%emt 0:00:01]} (23... Rh6 $142 24. Bf5 Re8) 24. Rc1 {[%emt 0:00:02]} Rae8 {[%emt 0:00:04]} (24... a5 $16 25. Rxc6 Nb4) 25. Rxc6 $18 {[%emt 0:00:06]} Ng5 {[%emt 0:00:03]} 26. Bg2 {[%emt 0:00:01]} Nxe3 {[%emt 0:00:01]} (26... Rxe3 {is a better chance.} 27. Rxe3 Nxe3) 27. h4 {[%emt 0:00:03]} Nd5 {[%emt 0:00:08]} 28. Bxd5 $4 {[%emt 0:00:01][%mdl 8192]} (28. Rxe7 $18 {and life is good for White.} Nxe7 29. Rc2) 28... Rxe2 $19 {[%emt 0:00:01]} 29. Bc3 {[%emt 0:00:02]} (29. hxg5 $142 Rxb2 30. Kf1) 29... Ne4 $2 {[%emt 0:00:02]} (29... Nh3+ $19 30. Kh1 h5) 30. Bb4 {[%emt 0:00:01]} (30. Rc7 $11 Kh8 31. Bb4 (31. Bxf7 Rb8 $15)) 30... Nf6 {[%emt 0:00:01]} (30... Rxa2 $2 31. Bxe4 a5 32. Bd6 $18) (30... Nxg3 $6 31. Rc7 Kh8 32. Bxf7 $11) (30... a5 $1 $17 {[%cal Ra5b4]} 31. Bxa5 Nf6) 31. Bc4 $1 $15 {[%emt 0:00:01] Rc7 is the strong threat.} Rxa2 {[%emt 0:00:04] Strongly threatening ...h5.} 32. Rc7 Kh8 {aiming for ...h5.} 33. Be7 {[%emt 0:00:02]} (33. d5 $11) 33... Ne4 $2 {[%emt 0:00:03]} (33... Ng8 $1 $17 34. Bc5 (34. Bb4 $2 a5 $19) 34... Re1+ 35. Bf1 Re3) 34. Bxf7 $11 {[%emt 0:00:02]} Rb8 35. b4 (35. d5 $1 $11 {keeps the balance.} Rd2 36. Rc4) 35... Rd2 $1 $17 {[%emt 0:00:03]} 36. d5 {[%emt 0:00:02]} a5 $1 {[%emt 0:00:01]} 37. Rc4 {[%emt 0:00:03] [#]} Nxg3 {[%emt 0:00:03] Black is more active.} (37... axb4 $1 $17 38. Bxb4 (38. Rxe4 b3 $17) 38... Rb2 39. Rxe4 R2xb4) 38. Bd6 $11 {[%emt 0:00:02]} Ne2+ {[%emt 0:00:04]} 39. Kf1 {[%emt 0:00:01]} Ra8 {[%emt 0:00:01][%mdl 8192] [#]} (39... Rd8 $11 {and Black is okay.}) 40. Ke1 $2 (40. b5 $1 $18 {[%cal Rb5b6]}) 40... Rb2 $2 {[%emt 0:00:01][%mdl 8192]} (40... Rd4 $17 {and life is bright.} 41. Rc7 (41. Rc5 $2 Nf4 $17) 41... Nf4 42. Bxf4 Re4+ 43. Be3 Rxe3+ 44. Kf2 Ra3) 41. bxa5 $2 {[%emt 0:00:01]} (41. Be5 $18 Nc3 42. Bxc3 Rb1+ 43. Kd2 axb4 44. Rxb4) 41... h6 $2 {[%emt 0:00:02][%mdl 8192]} (41... Ng1 $1 $11) 42. Bg6 $2 {[%emt 0:00:02]} (42. Be5 $18 {is the precise move to win.} Rb7 43. Be6) 42... Ra2 {[%emt 0:00:06]} (42... Ng1 $16) 43. Bd3 $2 {[%emt 0:00:02] A strong pair of Bishops.} (43. Bc7 $18) 43... Ng1 {[%emt 0:00:02] Hoping for ...Nf3+.} 44. a6 $2 {[%emt 0:00:04][%mdl 8192]} R2xa6 $2 {[%emt 0:00:02]} (44... Nf3+ $19 {and Black stays clearly on top.} 45. Kf1 Nd2+ 46. Kg1 Nxc4 47. Bxc4 Ra4) 45. Rc6 $2 {[%emt 0:00:02]} (45. Bf4 $17 {was called for.}) 45... Ra2 $19 {[%emt 0:00:02] Threatens to win with ...Nf3+.} 46. Bg6 $2 {[%emt 0:00:02]} (46. Rc1) 46... Nf3+ 47. Kf1 Rd2 {[%emt 0:00:03] ( -> ...Ra1+)} 48. Rc1 {[%emt 0:00:03] Prevents Ra1} Rxd5 {[%emt 0:00:02]} 49. Be4 $2 (49. Bg3) 49... Nd2+ {Weighted Error Value: White=1.05/Black=0.79} (49... Nxh4 $2 50. Bxd5 Ra5 51. Be4 $18) 0-1